| 000 | 00630nam a22001817a 4500 | ||
|---|---|---|---|
| 999 |
_c19292 _d19292 |
||
| 003 | AR-CdUCM | ||
| 008 | 190517b ||||| |||| 00| 0 sp d | ||
| 040 |
_aMUNICIPALIDAD PROVINCIAL DEL CUSCO _cBIBLIOTECA MUNICIPAL DEL CUSCO |
||
| 082 |
_a910.918 / _bP26 |
||
| 100 |
_aParedes Pando, Oscar _914521 |
||
| 245 | _aRegion Inca desarrollo, posibilidades y limitaciones 1990-2005 / | ||
| 260 |
_aCusco : _bIIDA, |
||
| 300 |
_a50 páginas ; _c22 cm. |
||
| 505 | _aGeneralidades -- Recursos y medio Ambiente --Población y empleo -- Caracteristicas estructurales... | ||
| 650 |
_aCusco. _9772 |
||
| 942 |
_2ddc _cLIBROS |
||
| 945 | _awfj | ||